000 00624 a2200169 4500
003 NUST
038 _aazhar
082 _aBICSE-2
100 _a Qasim Mansoor
_992198
245 _aSelective Dissemination: Using S4 as a routing protocol in wireless sensor networks [Project BICSE2]
_cQasim Mansoor
260 _a Isalamabad,
_bNUST School of Electrical Engineering & Computer Science,
_c2008.
300 _a46 p.
_b: ill.
_c; 27 cm. +
_e CD-ROM
500 _aSupervisors : Mr. Tahir Azeem, Dr. Syed Ali Khayam.
563 _aHB
856 _uhttp://10.250.8.41:8080/xmlui/handle/123456789/8958
942 _cPR
_kBICSE-2 QAS
_2ddc
999 _c9341
_d9341